00624nam a2200193 a 450000100060000000300090000600800410001502000200005604000280007608200180010410000320012224500260015425000060018026000300018630000090021650501170022565000380034265000500038022126CO-ViMGA141112s2004 ck r 000 u spa d a139788471123923 aCO-ViMGAbspacCO-ViMGA04a371.425 A474t1 aAitken, John; Mills, George10aTecnología Creativa a6 aMadrid : bMorata, c1994 a285p aProblemas : Notas sobre cada uno de los problemas; problemas de 1 - 100 18 - - Ideas, bocetos y soluciones 161 14aCIENCIA Y TECNOLOGÍA - MANUALES14aTECNOLOGÍA ESTUDIO Y ENSEÑANZA - MANUALES